| 000 | 00664cam a2200205 a 4500 | ||
|---|---|---|---|
| 020 | _a0442214235 | ||
| 082 | 0 | 0 |
_a526.9 _bSUR _cl-16, P-64 |
| 245 | 0 | 4 |
_aThe Surveying handbook / _cedited by Russell C. Brinker, Roy Minnick. |
| 260 |
_aNew York : _bVan Nostrand Reinhold, _cc1987. |
||
| 300 |
_ax, 1270 p. : _bill. ; _c24 cm. |
||
| 526 |
_a0 _b0 _c0 _d526_900000000000000_SUR |
||
| 526 |
_a0 _b0 _c0 _d526_900000000000000_SUR |
||
| 526 |
_a0 _b0 _c0 _d526_900000000000000_SUR |
||
| 526 |
_a0 _b0 _c0 _d526_900000000000000_SUR |
||
| 650 | 0 |
_aMCE _9379 |
|
| 650 | 0 | _aSurveying. | |
| 700 | 1 |
_aBrinker, Russell C. _937707 |
|
| 700 | 1 |
_aMinnick, Roy. _939642 |
|
| 942 |
_2ddc _cBK |
||
| 999 |
_c544096 _d544096 |
||